A Perfectly Good Heart - Taylor Swift (All Lyrics) - Statistics

General Stats
  • This quiz has been taken 140 times
  • The average score is 197 of 228
Answer Stats
Answer % Correct
a
100%
you
100%
good
99%
heart
99%
I
99%
perfectly
99%
Why
99%
would
97%
break
96%
and
95%
And
95%
wanna
95%
it
92%
It
92%
all
91%
the
91%
No
90%
love
88%
take
87%
apart
86%
tear
84%
to
84%
our
83%
be
81%
do
81%
make
79%
me
79%
on
79%
your
79%
in
77%
now
77%
first
75%
that
75%
That
75%
very
75%
want
74%
one
69%
scar
69%
not
65%
was
64%
what
64%
but
62%
can't
62%
don't
61%
by
60%
It's
60%
fall
57%
should've
57%
Should've
57%
way
57%
away
56%
believe
56%
eyes
56%
How
56%
say
56%
seen
56%
wall
56%
sense
55%
still
53%
writing
53%
back
52%
get
51%
read
51%
matter
49%
signs
49%
before
48%
Maybe
48%
walk
48%
realized
44%
anymore
43%
distance
43%
unbroken
43%
No matching quizzes found
Score Distribution
Percent of People with Each Score
Percentile by Number Answered
Your Score History
You have not taken this quiz